000 00885nam0a22002651 4500
001 RU\NLR\INFOCOMM_18\5000664610
005 20250613095250.0
035 _a(NLR Aleph) 009289427
090 _a9210747
_c9210747
100 _a20100929d1975 |||y0rusy50 ca
101 1 _apor
_crus
102 _aRU
105 _aa ||||000|y
200 1 _aEn el patio de mi casa
_e[Cuentos para los niños]
_fN. Elinsón
_gDib. del aut.
_gTrad. del ruso por J. López Ganivet
210 _aΜ.
_c"Progreso"
_dˆCop.‰1975
215 _a[20] с.
_cцвет. ил.
_d28 см
309 _aВ вып. дан.: Н. Елинсон. У нас во дворе
686 _aДл370
_2rubbk
700 1 _9z01790
_aElinson
_bN. L.
_gNikolaj L'vovič
_4070
790 1 _9z01700
_aElinsón
_bN.
_4070
801 1 _aRU
_bNLR
_c20100929
801 0 _aRU
_bNLR
_gPSBO
852 _aNLR
_jДл01 Д-8/458
942 _cBOOK
980 _aNB